[Event "grenke Chess Open 2025"]
[Site "Karlsruhe GER"]
[Date "2025.04.17"]
[Round "1.1"]
[White "Munschi, Serge"]
[Black "Liang, Awonder"]
[Result "0-1"]
[WhiteTitle "FM"]
[BlackTitle "GM"]
[WhiteElo "2117"]
[BlackElo "2692"]
[WhiteFideId "603945"]
[BlackFideId "2056437"]
[EventDate "2025.04.17"]

1. d4 Nf6 2. Nf3 g6 3. g3 b6 4. Bg2 Bb7 5. c4 Bg7 6. d5 O-O 7. Nc3 Na6 8. e4 Nc5
9. Nd4 e5 10. Nb3 Na6 11. O-O d6 12. Be3 Bc8 13. h3 Kh8 14. Nc1 Ng8 15. Nd3 f5
16. f4 Bd7 17. fxe5 dxe5 18. c5 bxc5 19. Nxc5 Nxc5 20. Bxc5 Re8 21. Qd2 Nf6 22.
Rad1 Nh5 23. Qe3 f4 24. gxf4 Nxf4 25. Ne2 g5 26. Kh2 Bb5 27. Ng3 Bxf1 28. Bxf1
Qd7 29. Nf5 Qa4 30. Rc1 Rab8 31. b4 Qxa2+ 32. Kh1 a5 33. Be7 axb4 34. Rxc7 Qa1
35. Rc1 Qa3 36. Qxa3 bxa3 37. Bxa3 Rec8 38. Re1 Bf6 39. Ne7 Rc2 40. Nc6 Rb3 41.
Bd6 Ng6 42. Ra1 Rbb2 0-1

[Event "grenke Chess Open 2025"]
[Site "Karlsruhe GER"]
[Date "2025.04.17"]
[Round "1.2"]
[White "Vitiugov, Nikita"]
[Black "Menzi, Jonas"]
[Result "1-0"]
[WhiteTitle "GM"]
[WhiteElo "2670"]
[BlackElo "2117"]
[WhiteFideId "4152956"]
[BlackFideId "1345133"]
[EventDate "2025.04.17"]

1. Nf3 d5 2. b3 Nf6 3. Bb2 e6 4. g3 Be7 5. Bg2 O-O 6. c4 c5 7. O-O b6 8. cxd5
Nxd5 9. d4 Bb7 10. dxc5 Bxc5 11. a3 Nd7 12. Nd4 Rc8 13. b4 Be7 14. Qb3 Re8 15.
Rd1 Bf8 16. Nd2 Qc7 17. e4 N5f6 18. Nb5 Qc2 19. Nxa7 Qxb3 20. Nxb3 Rc2 21. Rab1
Nb8 22. Nd4 Rc7 23. Ndb5 Rd7 24. f3 Red8 25. Rxd7 Rxd7 26. Be5 Nc6 27. Nxc6 Bxc6
28. Bf1 Rd8 29. Rc1 Bxb5 30. Bxb5 h6 31. Bc7 Ra8 32. Rc3 Be7 33. Bc6 Ra6 34. Bb8
Kh7 35. Kf1 g6 36. Ke2 Kg7 37. Kd3 1-0

[Event "grenke Chess Open 2025"]
[Site "Karlsruhe GER"]
[Date "2025.04.17"]
[Round "1.3"]
[White "Boehm, Christian"]
[Black "Saric, Ivan"]
[Result "0-1"]
[BlackTitle "GM"]
[WhiteElo "2115"]
[BlackElo "2659"]
[WhiteFideId "12922544"]
[BlackFideId "14508150"]
[EventDate "2025.04.17"]

1. e4 c5 2. Nf3 d6 3. Bc4 Nf6 4. d3 Nc6 5. O-O g6 6. c3 Bg7 7. Re1 a6 8. a4 O-O
9. Nbd2 Rb8 10. e5 dxe5 11. Nxe5 Nxe5 12. Rxe5 b5 13. axb5 axb5 14. Bb3 Qxd3 15.
Rxe7 Bf5 16. Nf3 c4 17. Qxd3 Bxd3 18. Bd1 b4 19. Bf4 Ra8 20. Rea7 Rxa7 21. Rxa7
bxc3 22. bxc3 Nd5 23. Be5 Nxc3 24. Bxc3 Bxc3 25. Ba4 Rb8 26. h3 Rb1+ 27. Kh2 Ra1
28. Ng5 Bd4 29. Ra8+ Kg7 30. Nf3 Bxf2 31. Ne5 Be4 32. Re8 Bg1+ 0-1

[Event "grenke Chess Open 2025"]
[Site "Karlsruhe GER"]
[Date "2025.04.17"]
[Round "1.4"]
[White "Shirov, Alexei"]
[Black "Kull, Florian"]
[Result "1-0"]
[WhiteTitle "GM"]
[WhiteElo "2650"]
[BlackElo "2115"]
[WhiteFideId "2209390"]
[BlackFideId "4637097"]
[EventDate "2025.04.17"]

1. e4 e6 2. d4 d5 3. Nd2 h6 4. Ngf3 Nf6 5. e5 Nfd7 6. Bd3 c5 7. c3 Nc6 8. O-O g5
9. c4 cxd4 10. cxd5 Nc5 11. dxc6 Nxd3 12. Ne4 Nxc1 13. cxb7 Bxb7 14. Qa4+ Ke7
15. Qb4+ Ke8 16. Nf6+ Qxf6 17. Qb5+ 1-0

[Event "grenke Chess Open 2025"]
[Site "Karlsruhe GER"]
[Date "2025.04.17"]
[Round "1.5"]
[White "Wagner, Hans"]
[Black "Yuffa, Daniil"]
[Result "0-1"]
[BlackTitle "GM"]
[WhiteElo "2115"]
[BlackElo "2649"]
[WhiteFideId "4629361"]
[BlackFideId "24131423"]
[EventDate "2025.04.17"]

1. e4 c5 2. Nf3 d6 3. d4 cxd4 4. Nxd4 Nf6 5. Nc3 a6 6. Bg5 e6 7. f4 h6 8. Bh4
Qb6 9. Qd2 Qxb2 10. Rb1 Qa3 11. f5 Nc6 12. fxe6 Bxe6 13. Bxf6 gxf6 14. Nxc6 bxc6
15. Be2 Bg7 16. Rd1 Rd8 17. O-O f5 18. Rf3 Qc5+ 19. Kh1 f4 20. Rd3 Be5 21. Bf1
Qa5 22. a4 Rg8 23. Ne2 Qxd2 24. R3xd2 a5 25. Nd4 Bxd4 26. Rxd4 Ke7 27. Kg1 Rd7
28. Rb1 Rg5 29. Rb6 Rc5 30. Rd2 Kf6 31. Kf2 Rd8 32. Bd3 Ke5 33. Rd1 Rg8 34. Rdb1
Bc4 35. R1b2 Kd4 36. Kf3 Rg6 37. Bxc4 Rxc4 38. Kxf4 Kc5 39. Ra6 Rxa4 40. Rbb6 d5 0-1

[Event "grenke Chess Open 2025"]
[Site "Karlsruhe GER"]
[Date "2025.04.17"]
[Round "1.6"]
[White "Indjic, Aleksandar"]
[Black "Bruns, Kai-Christian"]
[Result "1/2-1/2"]
[WhiteTitle "GM"]
[WhiteElo "2644"]
[BlackElo "2113"]
[WhiteFideId "911925"]
[BlackFideId "12938025"]
[EventDate "2025.04.17"]

1. Nf3 d5 2. e3 Nf6 3. c4 c6 4. Nc3 e6 5. Qc2 Bd6 6. d4 Nbd7 7. g4 h6 8. g5 hxg5
9. Nxg5 e5 10. Bd2 Ng4 11. dxe5 Qxg5 12. exd6 Qf6 13. O-O-O Nxf2 14. cxd5 Nxh1
15. dxc6 Nf2 16. cxd7+ Bxd7 17. Nd5 Qxd6 18. Bb4 Qc6 19. Nc7+ Kd8 20. Qxc6 bxc6
21. Nxa8 Nxd1 22. Kxd1 Rxh2 23. Ba5+ Ke7 24. Bb4+ Kd8 25. Ba5+ Ke7 26. Bb4+ 1/2-1/2

[Event "grenke Chess Open 2025"]
[Site "Karlsruhe GER"]
[Date "2025.04.17"]
[Round "1.7"]
[White "Scholz, Benedict"]
[Black "Ivic, Velimir"]
[Result "0-1"]
[BlackTitle "GM"]
[WhiteElo "2113"]
[BlackElo "2623"]
[WhiteFideId "16274350"]
[BlackFideId "950122"]
[EventDate "2025.04.17"]

1. e4 c5 2. Nf3 d6 3. d4 cxd4 4. Nxd4 Nf6 5. Nc3 a6 6. h3 e5 7. Nde2 h5 8. g3
Be7 9. Bg2 Be6 10. O-O Nbd7 11. Be3 Rc8 12. f4 b5 13. Rc1 Nc5 14. f5 Bd7 15. b4
Nb7 16. Nd5 Rc4 17. Nec3 Bc6 18. Qd3 Nxd5 19. exd5 Bd7 20. a3 Qc8 21. Bd2 Bg5
22. Ne4 Bxd2 23. Qxd2 Bxf5 24. Qf2 Bg6 25. Ng5 Nd8 26. Qb6 Ke7 27. Rf2 Qb7 28.
Qe3 f6 29. Nf3 Nf7 30. Nh4 Bh7 31. Qf3 Qa7 32. c3 Ng5 33. Qxh5 Qe3 34. Rc2 Qxg3
35. Kf1 Bd3+ 36. Kg1 Bg6 0-1

[Event "grenke Chess Open 2025"]
[Site "Karlsruhe GER"]
[Date "2025.04.17"]
[Round "1.8"]
[White "Donchenko, Alexander"]
[Black "Schwab, Matthias"]
[Result "1-0"]
[WhiteTitle "GM"]
[WhiteElo "2617"]
[BlackElo "2113"]
[WhiteFideId "24603295"]
[BlackFideId "24622397"]
[EventDate "2025.04.17"]

1. d4 d5 2. c4 dxc4 3. Nf3 a6 4. e3 Bg4 5. Bxc4 e6 6. h3 Bh5 7. Nc3 Nc6 8. O-O
Nf6 9. g4 Bg6 10. Nh4 Ne4 11. Nxg6 Nxc3 12. bxc3 hxg6 13. Qf3 Qf6 14. Qxf6 gxf6
15. Kg2 f5 16. Be2 O-O-O 17. Rb1 Bd6 18. Rh1 Ne7 19. c4 c6 20. Bb2 Rh7 21. Bc3
fxg4 22. hxg4 Rdh8 23. Rxh7 Rxh7 24. Bf3 Rh2+ 25. Kf1 g5 26. Ke2 Bg3 27. Be1 Ng6
28. a4 Nh4 29. d5 cxd5 30. cxd5 Nxf3 31. Kxf3 Bc7 32. dxe6 fxe6 33. Bc3 Rh7 34.
Ke4 Rf7 35. f3 b6 36. Bd4 Kd7 37. Bxb6 Bd6 38. Bd4 Bc7 39. Rb7 1-0

[Event "grenke Chess Open 2025"]
[Site "Karlsruhe GER"]
[Date "2025.04.17"]
[Round "1.9"]
[White "Fernandes Barbosa, Gabriel"]
[Black "Safarli, Eltaj"]
[Result "0-1"]
[BlackTitle "GM"]
[WhiteElo "2112"]
[BlackElo "2617"]
[WhiteFideId "1354388"]
[BlackFideId "13402129"]
[EventDate "2025.04.17"]

1. e4 c5 2. Nf3 Nc6 3. d4 cxd4 4. Nxd4 e6 5. Nc3 Bc5 6. Nb3 Bb6 7. Bd3 Nge7 8.
Qe2 O-O 9. Be3 d5 10. exd5 exd5 11. Bxb6 axb6 12. O-O d4 13. Nb5 Ra4 14. Rfd1
Ng6 15. Bxg6 hxg6 16. c3 Re8 17. Qf1 Be6 18. Na3 Qh4 19. Rac1 dxc3 20. Rxc3 Rb4
21. Re3 Qf6 22. Qe2 Ra8 23. Rd2 g5 24. Qd1 Rh4 25. g3 Rha4 26. f3 g6 27. Qe2 Nd4
28. Qd1 Nf5 29. Red3 Kg7 30. Qe2 Rxa3 31. bxa3 Bc4 32. Qe4 Bxd3 33. Qxd3 Rxa3
34. Qd5 Qc3 0-1

[Event "grenke Chess Open 2025"]
[Site "Karlsruhe GER"]
[Date "2025.04.17"]
[Round "1.10"]
[White "Bartel, Mateusz"]
[Black "Li, Yunqi"]
[Result "1-0"]
[WhiteTitle "GM"]
[WhiteElo "2595"]
[BlackElo "2112"]
[WhiteFideId "1112635"]
[BlackFideId "34610618"]
[EventDate "2025.04.17"]

1. e4 e6 2. Qe2 c5 3. Nf3 Nc6 4. g3 Be7 5. Bg2 d5 6. d3 Nf6 7. O-O O-O 8. Re1
Re8 9. Bf4 b5 10. a4 b4 11. h4 Ba6 12. Nbd2 Rc8 13. e5 Nd7 14. Nf1 Na5 15. Ne3
Qb6 16. Bf1 Red8 17. h5 d4 18. Ng4 c4 19. h6 cxd3 20. cxd3 Nb3 21. hxg7 Nxa1 22.
Nh6+ Kxg7 23. Ng5 Nf8 24. Qh5 Ng6 25. Nf5+ Kf8 26. Qxh7 Bxg5 27. Bxg5 Qc5 28.
Nh6 1-0

[Event "grenke Chess Open 2025"]
[Site "Karlsruhe GER"]
[Date "2025.04.17"]
[Round "1.11"]
[White "Burkart, Lloyd Shang"]
[Black "Meier, Georg"]
[Result "0-1"]
[BlackTitle "GM"]
[WhiteElo "2111"]
[BlackElo "2595"]
[WhiteFideId "16239059"]
[BlackFideId "4675789"]
[EventDate "2025.04.17"]

1. d4 e6 2. Nf3 Nf6 3. c4 Bb4+ 4. Nbd2 O-O 5. a3 Be7 6. e3 d5 7. Bd3 b6 8. O-O
Bb7 9. b4 c5 10. bxc5 bxc5 11. Rb1 Qc8 12. Bb2 Nbd7 13. Qe2 cxd4 14. Nxd4 Nc5
15. cxd5 Nxd3 16. Qxd3 Nxd5 17. Rfc1 Qd7 18. N2f3 Nb6 19. Qb5 Be4 20. Ra1 Rfc8
21. Nd2 Qxb5 22. Nxb5 Bc6 23. Nd4 Bd7 24. N4f3 f6 25. Bd4 e5 26. Bxb6 axb6 27.
Rxc8+ Rxc8 28. a4 Bb4 29. Nf1 Ra8 30. Rb1 Rxa4 31. h3 b5 32. N1d2 Bc3 33. Nb3
Bf5 34. Rc1 Rc4 35. Nfd2 Bxd2 36. Rxc4 bxc4 37. Nxd2 Bd3 38. f3 f5 39. Kf2 Kf7
40. Ke1 Ke6 41. g3 Kd5 42. Kd1 Kc5 43. h4 Kb4 44. f4 e4 45. Kc1 Kc3 46. h5 h6 0-1

[Event "grenke Chess Open 2025"]
[Site "Karlsruhe GER"]
[Date "2025.04.17"]
[Round "1.12"]
[White "Muradli, Mahammad"]
[Black "Mann, Gergely"]
[Result "1-0"]
[WhiteTitle "GM"]
[WhiteElo "2588"]
[BlackElo "2111"]
[WhiteFideId "13409301"]
[BlackFideId "16271300"]
[EventDate "2025.04.17"]

1. d4 d5 2. c4 e6 3. Nf3 Nf6 4. g3 dxc4 5. Bg2 a6 6. Ne5 Bb4+ 7. Nc3 Nd5 8. Bd2
Nb6 9. e3 N8d7 10. Nxd7 Qxd7 11. Rc1 Qe7 12. O-O e5 13. a3 Bd6 14. Ne4 a5 15.
Nxd6+ Qxd6 16. dxe5 Qxe5 17. Bc3 Qg5 18. h4 Qg6 19. Qd2 Bf5 20. Bxa5 Bd3 21.
Rfd1 O-O 22. Bxb7 Rab8 23. Bg2 Rfd8 24. Bxb6 Qxb6 25. Rxc4 Qxb2 26. Qxb2 Rxb2
27. Be4 Rb3 28. Rxd3 Rbxd3 29. Bxd3 Rxd3 30. Rd4 1-0

[Event "grenke Chess Open 2025"]
[Site "Karlsruhe GER"]
[Date "2025.04.17"]
[Round "1.13"]
[White "Knoblauch, Leonhard"]
[Black "Jacobson, Brandon"]
[Result "0-1"]
[BlackTitle "GM"]
[WhiteElo "2110"]
[BlackElo "2570"]
[WhiteFideId "4670191"]
[BlackFideId "30901561"]
[EventDate "2025.04.17"]

1. e4 e5 2. Nf3 Nc6 3. Bb5 a6 4. Ba4 d6 5. O-O Bd7 6. c3 Nf6 7. d4 g6 8. Re1 Bg7
9. h3 O-O 10. Bc2 Re8 11. d5 Ne7 12. c4 c6 13. dxc6 Bxc6 14. Nc3 b5 15. b3 bxc4
16. bxc4 Rc8 17. Bd3 Nd7 18. Nd5 Nc5 19. Rb1 Nxd5 20. cxd5 Ba4 21. Bc2 Bxc2 22.
Qxc2 f5 23. Qe2 Nxe4 24. Qxa6 Ra8 25. Qc6 Rc8 26. Qa6 Nc5 27. Qb5 e4 28. Bg5 Qc7
29. Nd2 Nd3 30. Red1 Bd4 31. Be3 Qa7 32. Bxd4 Qxd4 33. Qb6 Qxb6 34. Rxb6 Rc2 35.
Nb3 Nxf2 36. Nd4 Nxd1 37. Nxc2 Rd8 38. Rb3 Rc8 39. Nb4 Rc1 40. Kf1 Nc3+ 41. Kf2
f4 42. Nc6 e3+ 43. Kf3 e2 44. Rb8+ Kg7 45. Rb7+ Kf6 46. Nd8 Rf1+ 47. Kg4 h5+ 48.
Kh4 e1=Q+ 0-1

[Event "grenke Chess Open 2025"]
[Site "Karlsruhe GER"]
[Date "2025.04.17"]
[Round "1.14"]
[White "Kazakouski, Valery"]
[Black "Oim, Mikk Kaarel"]
[Result "1-0"]
[WhiteTitle "GM"]
[WhiteElo "2563"]
[BlackElo "2110"]
[WhiteFideId "13507443"]
[BlackFideId "4514815"]
[EventDate "2025.04.17"]

1. d4 Nf6 2. c4 g6 3. Nc3 Bg7 4. e4 d6 5. Nf3 O-O 6. Bd3 Nbd7 7. h3 e5 8. d5 Nc5
9. Bc2 a5 10. Bg5 Bd7 11. g4 a4 12. Nd2 Qb8 13. Qf3 Qd8 14. Rg1 Rb8 15. b4 axb3
16. axb3 Na6 17. Rc1 h6 18. Be3 Nh7 19. Qg3 g5 20. Rh1 f6 21. h4 Rf7 22. h5 Nb4
23. Kf1 c5 24. Kg2 Ra8 25. Bb1 Qb6 26. Rhd1 Ra3 27. f3 Rf8 28. Qf2 Rfa8 29. Ne2
Nf8 30. Rc3 Bc8 31. Nf1 Ra1 32. Qe1 Nd7 33. Bd2 Nb8 34. Re3 Rxb1 35. Rxb1 Nc2
36. Qc1 Nxe3+ 37. Nxe3 Na6 38. Qa3 Rb8 39. Ba5 Qa7 40. Bc7 Ra8 41. Bxd6 b6 42.
Ra1 Qf7 43. b4 1-0

[Event "grenke Chess Open 2025"]
[Site "Karlsruhe GER"]
[Date "2025.04.17"]
[Round "1.15"]
[White "Turel, Tugrul"]
[Black "Pultinevicius, Paulius"]
[Result "0-1"]
[BlackTitle "GM"]
[WhiteElo "2110"]
[BlackElo "2558"]
[WhiteFideId "26338408"]
[BlackFideId "12809390"]
[EventDate "2025.04.17"]

1. e4 c6 2. d4 d5 3. Nc3 dxe4 4. Nxe4 Bf5 5. Ng3 Bg6 6. h4 h6 7. Nf3 Nd7 8. h5
Bh7 9. Bd3 Bxd3 10. Qxd3 e6 11. Bd2 Ngf6 12. O-O-O Be7 13. Kb1 O-O 14. c4 b5 15.
Ne4 Nxe4 16. Qxe4 bxc4 17. Qxc6 Rc8 18. Qa6 Nf6 19. Rhe1 Qb6 20. Qxb6 axb6 21.
Re5 Nd5 22. Rc1 b5 23. a3 Ra8 24. Re2 Ra6 25. Ne5 Rfa8 26. Kc2 Bg5 27. g3 Bxd2
28. Kxd2 Rd8 29. g4 c3+ 30. bxc3 Rxa3 31. Nd3 b4 32. cxb4 Nxb4 33. Rc3 Ra2+ 34.
Kd1 Ra1+ 35. Kd2 Rxd4 36. Ke3 Rxg4 37. Rc8+ Kh7 38. Ne5 Ra3+ 39. Kd2 Rd4+ 40.
Kc1 Ra1+ 0-1

[Event "grenke Chess Open 2025"]
[Site "Karlsruhe GER"]
[Date "2025.04.17"]
[Round "1.16"]
[White "Sanal, Vahap"]
[Black "Harshit Amarnani"]
[Result "1-0"]
[WhiteTitle "GM"]
[WhiteElo "2550"]
[BlackElo "2109"]
[WhiteFideId "6300545"]
[BlackFideId "45047553"]
[EventDate "2025.04.17"]

1. e4 c5 2. Nc3 g6 3. Bc4 Bg7 4. Qf3 e6 5. Nb5 Be5 6. Qa3 d6 7. Nf3 Nc6 8. Nxe5
Nxe5 9. Be2 Nc6 10. d4 b6 11. e5 Nxd4 12. Nxd4 cxd4 13. exd6 e5 14. O-O Nf6 15.
Bh6 Bg4 16. Rae1 Bxe2 17. Rxe2 Ng4 18. Bg7 Rg8 19. Bxe5 Nxe5 20. Rxe5+ Kf8 21.
Re7 Rc8 22. d7 Rc5 23. Re8+ Qxe8 24. dxe8=Q+ Kxe8 25. Qxa7 1-0

[Event "grenke Chess Open 2025"]
[Site "Karlsruhe GER"]
[Date "2025.04.17"]
[Round "1.17"]
[White "Schlenker, Joerg"]
[Black "Amar, Elham"]
[Result "0-1"]
[BlackTitle "GM"]
[WhiteElo "2109"]
[BlackElo "2546"]
[WhiteFideId "4608623"]
[BlackFideId "1533533"]
[EventDate "2025.04.17"]

1. d4 Nf6 2. Nc3 d5 3. Bg5 Nbd7 4. Nf3 e6 5. e4 h6 6. Bxf6 Nxf6 7. e5 Nd7 8. Bd3
c5 9. O-O Be7 10. Re1 O-O 11. a4 a6 12. dxc5 Nxc5 13. Bf1 Qb6 14. Qd4 Nd7 15.
Qxb6 Nxb6 16. a5 Nd7 17. Ne2 Nc5 18. Ned4 Bd7 19. c3 Rfc8 20. g3 Rab8 21. Nd2
Be8 22. Ra2 Rc7 23. Re3 Na4 24. Bd3 b5 25. Bc2 Rcc8 26. Kf1 Bd8 27. N2f3 Rb7 28.
Ke2 Bxa5 29. Kd2 Rbc7 30. Bxa4 bxa4 31. Ne1 Bb6 32. Nec2 Bc5 33. f4 Rb7 34. Re1
Rcb8 35. Rb1 Bd7 36. Ne2 Bb5 37. Nc1 Bg1 38. Nd3 Bxh2 39. Nc5 Rc7 40. Nxa4 Bxg3
41. Ke3 Rc4 0-1

[Event "grenke Chess Open 2025"]
[Site "Karlsruhe GER"]
[Date "2025.04.17"]
[Round "1.18"]
[White "Engel, Luis"]
[Black "Stoll, Lucia"]
[Result "1-0"]
[WhiteTitle "GM"]
[WhiteElo "2544"]
[BlackElo "2109"]
[WhiteFideId "12961523"]
[BlackFideId "45133301"]
[EventDate "2025.04.17"]

1. e4 e5 2. Nf3 Nc6 3. Bb5 a6 4. Ba4 Nf6 5. d3 b5 6. Bb3 Be7 7. a4 Rb8 8. axb5
axb5 9. Nc3 d6 10. Nd5 Nxd5 11. Bxd5 Bd7 12. c3 O-O 13. h4 Qe8 14. Ng5 Bxg5 15.
hxg5 g6 16. Qf3 Kg7 17. Qf6+ Kg8 18. Be3 Ra8 19. Rb1 Qd8 20. Rh6 1-0

[Event "grenke Chess Open 2025"]
[Site "Karlsruhe GER"]
[Date "2025.04.17"]
[Round "1.19"]
[White "Tran, Duc Cuong"]
[Black "Woodward, Andy"]
[Result "0-1"]
[BlackTitle "GM"]
[WhiteElo "2109"]
[BlackElo "2536"]
[WhiteFideId "24689718"]
[BlackFideId "30953499"]
[EventDate "2025.04.17"]

1. e4 c5 2. Nf3 d6 3. Bb5+ Nd7 4. c3 Nf6 5. Qe2 a6 6. Ba4 b5 7. Bc2 Bb7 8. d4 e6
9. O-O Be7 10. Re1 Qc7 11. Bd3 O-O 12. Nbd2 e5 13. b3 exd4 14. cxd4 Rfe8 15. Bb2
Bf8 16. Qf1 g6 17. a4 b4 18. d5 Bg7 19. Nc4 Nh5 20. Bxg7 Kxg7 21. Qe2 Kg8 22.
Qb2 f6 23. Re3 Re7 24. Rae1 Rae8 25. g3 Ne5 26. Nfxe5 fxe5 27. a5 Rf8 28. Be2
Nf6 29. Qc2 g5 30. Qd1 Ref7 31. Rf1 Bc8 32. Bh5 Rg7 33. Bf3 Bh3 34. Bg2 Bd7 35.
Nb6 Bb5 36. Rfe1 Nd7 37. Nxd7 Bxd7 38. Qa1 Rgf7 39. R1e2 c4 40. bxc4 Qxc4 41.
Qe1 Qc5 42. Rb3 Qxa5 43. Qxb4 Qc7 44. Rc3 Qa7 45. Rcc2 Rb8 46. Qd2 h6 47. Rb2
Rc8 48. Rc2 Rcf8 49. Qb4 Rb8 50. Qe1 a5 51. Rb2 Rbf8 52. Rec2 a4 53. Qc1 Bg4 54.
Ra2 Rb8 55. Rcb2 Rc8 56. Rc2 Qxf2+ 57. Rxf2 Rxc1+ 58. Bf1 Bh3 59. Rxf7 Kxf7 60.
Rf2+ Ke7 61. Rf3 Rxf1+ 0-1

[Event "grenke Chess Open 2025"]
[Site "Karlsruhe GER"]
[Date "2025.04.17"]
[Round "1.20"]
[White "Subelj, Jan"]
[Black "Mende, Andreas"]
[Result "1-0"]
[WhiteTitle "GM"]
[BlackTitle "CM"]
[WhiteElo "2528"]
[BlackElo "2108"]
[WhiteFideId "14618583"]
[BlackFideId "4631102"]
[EventDate "2025.04.17"]

1. Nf3 Nf6 2. c4 g6 3. Nc3 Bg7 4. e4 e5 5. Nxe5 O-O 6. f4 Re8 7. d3 c6 8. c5 Na6
9. Be3 d5 10. cxd6 Qxd6 11. Be2 b5 12. O-O Nc5 13. a4 b4 14. Nb1 Ba6 15. Qc2
Nfd7 16. Nd2 Ne6 17. Ndc4 Qc7 18. d4 c5 19. d5 Nd4 20. Bxd4 cxd4 21. Nxd7 Qxd7
22. Ne5 Qc8 23. Nc6 b3 24. Qd2 Rxe4 25. Bf3 Re8 26. Rfe1 Qc7 27. Qb4 d3 28. d6
Qb6+ 29. Qxb6 axb6 30. Rxe8+ Rxe8 31. d7 Rf8 32. d8=Q Rxd8 33. Nxd8 Bxb2 34. Rb1
Bd4+ 35. Kf1 b2 36. Nc6 Bc3 37. Kf2 Bc4 38. Bd5 b5 39. Bxc4 bxc4 40. Ke3 1-0

[Event "grenke Chess Open 2025"]
[Site "Karlsruhe GER"]
[Date "2025.04.17"]
[Round "1.21"]
[White "Bouaraba, Max"]
[Black "Ten Hertog, Hugo"]
[Result "0-1"]
[BlackTitle "GM"]
[WhiteElo "2107"]
[BlackElo "2528"]
[WhiteFideId "4635973"]
[BlackFideId "1026356"]
[EventDate "2025.04.17"]

1. d4 g6 2. c4 Bg7 3. Nc3 d6 4. Nf3 Nd7 5. e4 e5 6. Be2 Ne7 7. O-O O-O 8. dxe5
dxe5 9. b3 Nc6 10. Bg5 Bf6 11. Bh6 Re8 12. Nd5 Bg7 13. Bxg7 Kxg7 14. b4 Nf8 15.
b5 Nb8 16. Qc2 c6 17. Ne3 Nbd7 18. Rfd1 Qe7 19. bxc6 bxc6 20. c5 Qxc5 21. Qd2
Qe7 22. Nc4 f6 23. Na5 c5 24. Bb5 a6 25. Bc6 Ra7 26. Ba4 Rc7 27. Rac1 Ne6 28.
Nc6 Qf8 29. Na5 Nd4 30. Nxd4 exd4 31. Qf4 Re5 32. Rxd4 cxd4 33. Rxc7 Qb4 34. Qc1
Rxe4 35. Kf1 Qxa4 36. Nb3 Qb5+ 37. Kg1 Qe5 38. Kf1 Qxh2 39. f3 Qh1+ 40. Kf2 Qxc1
41. Rxc1 Re8 42. Rc7 d3 43. Nc5 d2 44. Nxd7 d1=Q 45. Ne5+ Kg8 0-1

[Event "grenke Chess Open 2025"]
[Site "Karlsruhe GER"]
[Date "2025.04.17"]
[Round "1.22"]
[White "Lashkin, Jegor"]
[Black "Shen, Tingrui"]
[Result "1-0"]
[WhiteTitle "IM"]
[WhiteElo "2528"]
[BlackElo "2107"]
[WhiteFideId "13907808"]
[BlackFideId "34603441"]
[EventDate "2025.04.17"]

1. d4 Nf6 2. c4 e6 3. Nf3 d5 4. Nc3 Be7 5. Bf4 O-O 6. e3 a6 7. c5 Nh5 8. Be5 f6
9. Bg3 Nd7 10. Ng5 fxg5 11. Qxh5 c6 12. h4 g4 13. Qxg4 e5 14. Qd1 a5 15. Be2 e4
16. Qb3 Kh8 17. Na4 b5 18. cxb6 Bb4+ 19. Kf1 Nxb6 20. Nxb6 Qxb6 21. a3 Bc5 22.
Qxb6 Bxb6 23. Rc1 Bd7 24. f3 Rfc8 25. Bd6 Bc7 26. Bxc7 Rxc7 27. b3 exf3 28. gxf3
Rb8 29. Rc3 Rcb7 30. Bd1 Kg8 31. Kf2 Kf7 32. Bc2 h6 33. Rg1 Rb6 34. e4 dxe4 35.
fxe4 Be6 36. Rcg3 Rg8 37. h5 Rb7 38. Rf3+ Ke7 39. Rc3 Kd7 40. Ke3 Rbb8 41. e5
Bd5 42. Bh7 Rgf8 43. Rxg7+ Rf7 44. Rxf7+ Bxf7 45. Be4 Rb6 46. Bf3 Be6 47. Kf4
Bxb3 48. Bxc6+ Ke6 49. Be4 1-0

[Event "grenke Chess Open 2025"]
[Site "Karlsruhe GER"]
[Date "2025.04.17"]
[Round "1.23"]
[White "D'angerio, Alessandro"]
[Black "Kunin, Vitaly"]
[Result "0-1"]
[BlackTitle "GM"]
[WhiteElo "2106"]
[BlackElo "2522"]
[WhiteFideId "2853731"]
[BlackFideId "4128737"]
[EventDate "2025.04.17"]

1. d4 Nf6 2. c4 e6 3. Nc3 Bb4 4. e3 O-O 5. Ne2 c6 6. a3 Ba5 7. b4 Bc7 8. c5 d6
9. cxd6 Bxd6 10. Bb2 e5 11. Ng3 exd4 12. Qxd4 Bxg3 13. hxg3 Qxd4 14. exd4 Re8+
15. Be2 Nbd7 16. O-O-O Nb6 17. Bf3 Bg4 18. Rh4 Bxf3 19. gxf3 Nfd5 20. Re4 f5 21.
Re5 g6 22. Nxd5 Nxd5 23. b5 Kf7 24. Kc2 Rxe5 25. dxe5 Ke6 26. bxc6 Rc8 27. Rh1
Rxc6+ 28. Kb3 h5 29. Bd4 a6 30. Rh4 b5 31. Bb2 Rc8 32. a4 f4 33. axb5 axb5 34.
g4 Rh8 35. Bd4 Ne7 36. Kb4 Kd5 37. Bc5 Nc6+ 38. Kxb5 Rb8+ 39. Bb6 Nxe5 40. Rh1
Nd7 41. Rd1+ Ke6 42. Re1+ Kf7 43. Kc6 Nxb6 44. gxh5 gxh5 45. Re5 Kg6 46. Kc7 Nc4
47. Re4 Rb4 48. Rxf4 Ne3 49. Rf8 Nf5 50. Kd7 Rf4 0-1

[Event "grenke Chess Open 2025"]
[Site "Karlsruhe GER"]
[Date "2025.04.17"]
[Round "1.24"]
[White "Maksimovic, Bojan"]
[Black "Kwiatkowski, Jakub"]
[Result "0-1"]
[WhiteTitle "IM"]
[WhiteElo "2512"]
[BlackElo "2106"]
[WhiteFideId "14408120"]
[BlackFideId "1348736"]
[EventDate "2025.04.17"]

1. c4 Nf6 2. Nf3 e6 3. g3 d5 4. Bg2 dxc4 5. Qa4+ c6 6. Qxc4 b5 7. Qb3 Bb7 8. O-O
Nbd7 9. d4 a6 10. a4 Be7 11. Rd1 O-O 12. Bg5 h6 13. Bxf6 Nxf6 14. Ne5 Qb6 15.
Nc3 Rfd8 16. e3 Rab8 17. Nd3 Ba8 18. Qa2 c5 19. dxc5 Bxc5 20. Bxa8 Rxa8 21. axb5
axb5 22. Qxa8 Rxa8 23. Rxa8+ Kh7 24. Nxc5 Qxc5 25. Ra5 Qc6 26. Rd4 e5 27. Rb4
Qf3 28. Raxb5 Ng4 29. Rxg4 Qxg4 30. Rxe5 Qb4 31. Rb5 Qc4 32. h4 g6 33. Rd5 Qb4
34. Nd1 Kg7 35. Rd4 Qb3 36. Kf1 g5 37. Ke1 Kg6 38. Kd2 f5 39. hxg5 hxg5 40. Kc1
Qa2 41. Kc2 Qa6 42. b4 Qe2+ 43. Kc3 f4 44. gxf4 gxf4 45. exf4 Qf3+ 46. Kb2 Qe2+
47. Kb3 Qf3+ 48. Nc3 Qxf2 49. Rd6+ Kf7 50. Rf6+ Ke7 51. b5 Qd4 52. Rc6 Qxf4 0-1